Capitals of Depended Territories - Statistics

General Stats
  • This quiz has been taken 29 times
  • The average score is 21 of 39
Answer Stats
Hint Answer % Correct
Greenland Nuuk
100%
Faroe Islands Tórshavn
94%
Puerto Rico San Juan
88%
Gibraltar Gibraltar
82%
American Samoa Pago Pago
76%
Curaçao Willemstad
76%
Bermuda Hamilton
71%
New Caledonia Nouméa
71%
Aruba Oranjestad
71%
Saint Pierre and Miquelon Saint-Pierre
71%
Isle of Man Douglas
65%
Christmas Island Flying Fish Cove
65%
Falkland Islands Stanley
65%
Pitcairn Islands Adamstown
59%
Turks and Caicos Islands Cockburn Town
59%
Svalbard Longyearbyen
59%
British Virgin Islands Road Town
59%
Northern Mariana Islands Saipan
59%
Norfolk Island Kingston
53%
Åland Islands Mariehamn
53%
Jersey Saint Helier
53%
Niue Alofi
47%
Cayman Islands George Town
47%
Cook Islands Avarua
41%
United States Virgin Islands Charlotte Amalie
41%
Guam Hagåtña
41%
French Polynesia Papeete
41%
Montserrat Plymouth / Brades
41%
Cocos (Keeling) Islands West Island
41%
Saint Helena, Ascension and Tristan da Cunha Jamestown
35%
Saint-Martin Marigot
35%
Wallis and Futuna Matā'Utu
35%
Sint Maarten Philipsburg
35%
Anguilla The Valley
35%
Saint Barthélemy Gustavia
29%
South Georgia and the South Sandwich Islands King Edward Point
29%
Guernsey Saint Peter Port
29%
Akrotiri and Dhekelia Episkopi
18%
British Indian Ocean Territory Camp Justice
6%
No matching quizzes found
Score Distribution
Percent of People with Each Score
Percentile by Number Answered
Your Score History
You have not taken this quiz